- Fataliev, H. M.: A marxizmus-leninizmus és a természettudományok. Moszkva, 1962.
Elmentve itt :
| Szerző: | |
|---|---|
| Adatforrás: | Philobibl |
| Forrásdokumentuma: | Magyar Filozófiai Szemle 8 1964/1., 199-200. p. |
| Dokumentumtípus: | Cikk |
| Nyelv: | magyar |
| LEADER | 00348nab a2200097 c 4500 | ||
|---|---|---|---|
| 001 | bibDOK00007366 | ||
| 005 | 20200924120317.7 | ||
| 008 | 060518s1964 hu hun | ||
| 100 | 1 | |a Müller Antal | |
| 245 | 1 | 0 | |a - Fataliev, H. M.: A marxizmus-leninizmus és a természettudományok. Moszkva, 1962. |c Müller Antal |
| 773 | 0 | |t Magyar Filozófiai Szemle 8 |g 1964/1., 199-200. p. | |